|
|
|
|
| LEADER |
00000nab a2200000 a 4500 |
| 001 |
vtls008931637 |
| 003 |
SK-MaSNL |
| 005 |
20260304055643.0 |
| 008 |
140301c20060807xo dr|p|||||||000 b|slo |
| 015 |
|
|
|a SNBRB2006/12
|2 snkbucl
|
| 038 |
|
|
|a SNKBUCL
|
| 040 |
|
|
|a SNKBUCL
|b slo
|c SNKBUCL
|e AACR2
|
| 041 |
0 |
|
|a slo
|
| 044 |
|
|
|a xo
|c SK
|
| 080 |
|
|
|a 629.735.3
|x (520)
|x (73)
|2 1997
|
| 100 |
1 |
|
|a Jurina, Ľubomír
|4 aut
|9 266216
|
| 245 |
1 |
0 |
|a [Letectvo]
|c pripravil Ľubomír Jurina
|
| 300 |
|
|
|b Obr.
|
| 650 |
0 |
7 |
|a nadzvukové dopravné lietadlá
|2 snkbucl
|9 834336
|
| 650 |
0 |
7 |
|a vývoj
|2 snkbucl
|9 276727
|
| 650 |
0 |
7 |
|a letecká doprava
|2 snkbucl
|9 50044
|
| 651 |
|
7 |
|a Spojené štáty americké
|2 snkbucl
|9 18262
|
| 651 |
|
7 |
|a Japonsko
|2 snkbucl
|9 16392
|
| 740 |
0 |
2 |
|a Japonci kráčajú za nástupcom Concorde
|
| 740 |
0 |
2 |
|a Biznismen, ktorý chce lietať rýchlejšie ako zvuk
|
| 773 |
0 |
|
|t Hospodárske noviny
|g Roč. XIV., č. 150 (7.8.2006)
|x 1335-4701
|
| 773 |
0 |
8 |
|g S. 20
|
| 852 |
|
|
|a SNK
|b KIS3GCP
|
| 958 |
|
|
|a JP
|
| 958 |
|
|
|a US
|
| 999 |
|
|
|c 2725762
|d 2727692
|